| 000 | 01040nam a22003614a 4500 | ||
|---|---|---|---|
| 001 | UByD003481 | ||
| 003 | AR-LpoUNG | ||
| 005 | 20241213142205.0 | ||
| 008 | 241213s2024 ag a 000 e spa d | ||
| 020 | _a9789876307529 | ||
| 040 |
_aAR-LpoUNG _bspa _cAR-LpoUNG _eaacr |
||
| 041 | 0 | _aspa | |
| 082 | 0 | _a982.03 322mil | |
| 100 | 1 | _aWasserman, Fabio | |
| 245 | 1 | 0 |
_a1810 : _bcrisis, revolución y guerra |
| 246 | 3 | 0 |
_aMil ochocientos diez : _bcrisis, revolución y guerra |
| 250 | _a1ra. ed. | ||
| 260 |
_aBuenos Aires : _bUniversidad Nacional de General Sarmiento, _c2024. |
||
| 300 |
_a177 p. : _bmapas |
||
| 490 | 0 |
_aHumanidades. Años cruciales ; _vno. 3 |
|
| 650 | 4 | _aANALISIS HISTORICO | |
| 650 | 4 | _aHISTORIA POLITICA | |
| 650 | 4 | _aHISTORIA ARGENTINA | |
| 650 | 4 | _aCOLONIALISMO | |
| 650 | 4 | _aREVOLUCION | |
| 650 | 4 | _aGUERRA CIVIL | |
| 650 | 4 | _aCONFLICTOS POLITICOS | |
| 650 | 4 | _aPROBLEMAS SOCIALES | |
| 650 | 4 | _aHISTORIA NACIONAL | |
| 650 | 4 | _aREVOLUCION DE MAYO | |
| 651 | 4 | _aARGENTINA | |
| 942 |
_2ddc _cLIB |
||
| 999 |
_c66164 _d66164 |
||